| 000 | 00431nam a22001577a 4500 | ||
|---|---|---|---|
| 003 | OSt | ||
| 005 | 20250120172206.0 | ||
| 008 | 250120b |||||||| |||| 00| 0 eng d | ||
| 020 | _a9788186336397 | ||
| 040 |
_aSRHU _bEnglish _cDrolia Pustak Bhandar |
||
| 245 |
_aPracticals Yoga Psychology _cDr Rishi Vivekanda |
||
| 250 | _a1st | ||
| 260 |
_aBihar _bYoga Publication Trust _c2012 |
||
| 300 |
_a306p _c20cm |
||
| 942 |
_2ddc _cYS _e1st |
||
| 999 |
_c19397 _d19397 |
||